Advances International Marketing Interntional & Pur (Record no. 691493)
[ view plain ]
| 000 -LEADER | |
|---|---|
| fixed length control field | 00820nam a2200265Ia 4500 |
| 003 - CONTROL NUMBER IDENTIFIER | |
| control field | OSt |
| 005 - DATE AND TIME OF LATEST TRANSACTION | |
| control field | 20220927105241.0 |
| 008 - FIXED-LENGTH DATA ELEMENTS--GENERAL INFORMATION | |
| fixed length control field | 220926b |||||||| |||| 00| 0 eng d |
| 037 ## - SOURCE OF ACQUISITION | |
| Terms of availability | Reference Collections |
| 040 ## - CATALOGING SOURCE | |
| Original cataloging agency | RTL |
| Transcribing agency | RTL |
| Language of cataloging | eng |
| 041 ## - LANGUAGE CODE | |
| Source of code | eng |
| Language code of text/sound track or separate title | eng |
| 100 ## - MAIN ENTRY--PERSONAL NAME | |
| Personal name | Cavusgil S T Ed. |
| 9 (RLIN) | 371272 |
| 245 #0 - TITLE STATEMENT | |
| Title | Advances International Marketing Interntional & Pur |
| 260 ## - PUBLICATION, DISTRIBUTION, ETC. | |
| Place of publication, distribution, etc. | Stanford |
| Name of publisher, distributor, etc. | Jai Press Inc |
| Date of publication, distribution, etc. | 1999 |
| 300 ## - PHYSICAL DESCRIPTION | |
| Extent | 339p |
| Dimensions | cm. |
| 490 ## - SERIES STATEMENT | |
| Volume/sequential designation | Vol.9 |
| 700 ## - ADDED ENTRY--PERSONAL NAME | |
| Personal name | Ghauri P N |
| 9 (RLIN) | 371273 |
| 942 ## - ADDED ENTRY ELEMENTS (KOHA) | |
| Classification part | "X:51.1.N9, N9/RR" |
| Koha item type | |
| Withdrawn status | Lost status | Damaged status | Not for loan | Home library | Current library | Date acquired | Source of acquisition | Cost, normal purchase price | Serial Enumeration / chronology | Total Checkouts | Full call number | Barcode | Date last seen | Cost, replacement price | Price effective from | Koha item type |
|---|---|---|---|---|---|---|---|---|---|---|---|---|---|---|---|---|
| Ratan Tata Library | Ratan Tata Library | 2022-09-27 | "SBD/8238, 19/12/2000," | 3690.39 | Vol.9 | "X:51.1.N9 N9/RR" | RT1158945 | 2022-09-27 | 3690.39 | 2022-09-27 |
